[Event "Hastings Masters"]
[Site "Horntye, Hastings"]
[Date "2018.01.05"]
[Round "9"]
[Board "19"]
[White "HEWSON, Brian W R"]
[Black "WILLOW, Jonah B"]
[Result "0-1"]
[WhiteElo "2007"]
[BlackElo "2152"]
[PlyCount "0"]
[EventDate "2017.12.28"]
[EventRounds "9"]
[EventCountry "ENG"]

1. d4 {[%clk 1:40:54]} Nf6 {[%clk 1:40:53]} 2. Nf3 {[%clk 1:41:14]} e6
{[%clk 1:41:18]} 3. c4 {[%clk 1:38:48]} c5 {[%clk 1:41:39]} 4. d5
{[%clk 1:38:37]} exd5 5. cxd5 {[%clk 1:39:03]} d6 {[%clk 1:42:28]} 6. Nc3
{[%clk 1:39:28]} g6 {[%clk 1:42:53]} 7. e4 {[%clk 1:31:44]} a6 {[%clk 1:43:00]}
8. a4 {[%clk 1:32:08]} Bg4 {[%clk 1:43:24]} 9. Be2 {[%clk 1:30:46]} Bxf3
{[%clk 1:43:45]} 10. gxf3 {[%clk 1:28:17]} Bg7 {[%clk 1:40:24]} 11. Be3
{[%clk 1:20:19]} Nbd7 {[%clk 1:34:09]} 12. Qd2 {[%clk 1:17:28]} O-O
{[%clk 1:32:11]} 13. Bh6 {[%clk 1:16:47]} Re8 {[%clk 1:25:32]} 14. h4
{[%clk 1:11:37]} Nh5 {[%clk 1:22:18]} 15. Bg5 {[%clk 1:06:37]} Qa5
{[%clk 1:17:36]} 16. Nd1 {[%clk 0:59:56]} Qc7 {[%clk 1:15:56]} 17. a5
{[%clk 0:58:34]} f5 {[%clk 0:46:23]} 18. Nc3 {[%clk 0:33:11]} f4 {[%clk 0:24:51]}
19. Bxf4 {[%clk 0:30:53]} Nxf4 {[%clk 0:25:08]} 20. Qxf4 {[%clk 0:31:17]} Rf8
{[%clk 0:25:17]} 21. Qg5 {[%clk 0:25:24]} Be5 {[%clk 0:24:05]} 22. Qd2
{[%clk 0:22:47]} Bf4 {[%clk 0:23:43]} 23. Qc2 {[%clk 0:22:24]} Ne5
{[%clk 0:22:07]} 24. Nd1 {[%clk 0:22:15]} Qf7 {[%clk 0:21:05]} 25. Ra3
{[%clk 0:21:14]} Rae8 {[%clk 0:17:29]} 26. Ne3 {[%clk 0:19:47]} Bxe3
{[%clk 0:15:30]} 27. Rxe3 {[%clk 0:20:03]} Qc7 {[%clk 0:15:43]} 28. Qa4
{[%clk 0:16:02]} Rc8 {[%clk 0:15:14]} 29. Kd2 {[%clk 0:14:45]} Rf4
{[%clk 0:15:14]} 30. Kc2 {[%clk 0:12:31]} Rcf8 {[%clk 0:15:09]} 31. Qa3
{[%clk 0:10:03]} h5 {[%clk 0:14:50]} 32. Qb3 {[%clk 0:03:26]} R8f7
{[%clk 0:14:29]} 33. Qb6 {[%clk 0:02:50]} Qxb6 {[%clk 0:14:39]} 34. axb6
{[%clk 0:03:18]} Nxf3 {[%clk 0:14:36]} 35. Kd1 {[%clk 0:00:33]} Ne5
{[%clk 0:14:27]} 36. f3 {[%clk 0:50:30]} 0-1

[Event "Hastings Masters"]
[Site "Horntye, Hastings"]
[Date "2018.01.05"]
[Round "9"]
[Board "20"]
[White "WOONG, Zhi Wei William"]
[Black "DEV, Shah"]
[Result "1/2-1/2"]
[WhiteElo "2137"]
[BlackElo "1877"]
[PlyCount "0"]
[EventDate "2017.12.28"]
[EventRounds "9"]
[EventCountry "ENG"]

1. e4 {[%clk 1:40:56]} e5 {[%clk 1:40:12]} 2. Nf3 {[%clk 1:41:19]} Nc6
{[%clk 1:40:36]} 3. Bb5 {[%clk 1:41:42]} a6 {[%clk 1:41:00]} 4. Ba4
{[%clk 1:42:07]} Nf6 {[%clk 1:41:22]} 5. O-O {[%clk 1:42:28]} Nxe4
{[%clk 1:41:49]} 6. d4 {[%clk 1:42:54]} b5 {[%clk 1:42:08]} 7. Bb3
{[%clk 1:43:20]} d5 {[%clk 1:42:32]} 8. dxe5 {[%clk 1:43:42]} Be6
{[%clk 1:42:59]} 9. c3 {[%clk 1:44:06]} Bc5 {[%clk 1:43:24]} 10. Nbd2
{[%clk 1:44:26]} O-O {[%clk 1:43:47]} 11. Bc2 {[%clk 1:44:10]} Bf5
{[%clk 1:44:10]} 12. Nb3 {[%clk 1:44:11]} Bg6 {[%clk 1:44:35]} 13. Nfd4
{[%clk 1:42:47]} Bxd4 {[%clk 1:44:48]} 14. cxd4 {[%clk 1:41:40]} a5
{[%clk 1:45:12]} 15. Be3 {[%clk 1:39:30]} a4 {[%clk 1:45:07]} 16. Nc1
{[%clk 1:37:06]} a3 {[%clk 1:45:16]} 17. b3 {[%clk 1:37:20]} Nb4 {[%clk 1:44:09]}
18. Nd3 {[%clk 1:22:21]} Nxc2 {[%clk 1:19:52]} 19. Qxc2 {[%clk 1:22:43]} c5
{[%clk 1:19:31]} 20. Nf4 {[%clk 0:53:45]} Bf5 {[%clk 1:10:18]} 21. Qd1
{[%clk 0:51:52]} c4 {[%clk 1:07:03]} 22. Qe1 {[%clk 0:45:54]} Ng5
{[%clk 0:56:08]} 23. f3 {[%clk 0:32:47]} Ne6 {[%clk 0:50:51]} 24. Nxe6
{[%clk 0:23:50]} fxe6 {[%clk 0:49:45]} 25. Qb4 {[%clk 0:23:18]} Qd7
{[%clk 0:47:05]} 26. Rac1 {[%clk 0:20:37]} Rfc8 {[%clk 0:41:58]} 27. Rc3
{[%clk 0:17:19]} Rcb8 {[%clk 0:37:48]} 28. Rd1 {[%clk 0:11:06]} Qa7
{[%clk 0:36:28]} 29. Rcc1 {[%clk 0:08:24]} Qa5 {[%clk 0:34:55]} 30. Qxa5
{[%clk 0:05:57]} Rxa5 {[%clk 0:34:57]} 31. b4 {[%clk 0:05:56]} Ra4
{[%clk 0:35:05]} 1/2-1/2

[Event "Hastings Masters"]
[Site "Horntye, Hastings"]
[Date "2018.01.05"]
[Round "9"]
[Board "22"]
[White "NORINKEVICIUTE, Rasa"]
[Black "WHITE, Stuart A"]
[Result "1/2-1/2"]
[WhiteElo "1993"]
[BlackElo "2112"]
[PlyCount "0"]
[EventDate "2017.12.28"]
[EventRounds "9"]
[EventCountry "ENG"]

1. c4 {[%clk 1:40:58]} e5 {[%clk 1:40:55]} 2. Nc3 {[%clk 1:41:16]} Bb4
{[%clk 1:41:10]} 3. Nd5 {[%clk 1:41:25]} Bc5 {[%clk 1:41:31]} 4. e3
{[%clk 1:40:27]} c6 {[%clk 1:39:55]} 5. Nc3 {[%clk 1:40:31]} Qe7 {[%clk 1:38:48]}
6. d3 {[%clk 1:32:39]} Nf6 {[%clk 1:32:03]} 7. a3 {[%clk 1:31:26]} a5
{[%clk 1:31:37]} 8. Nf3 {[%clk 1:27:58]} d6 {[%clk 1:25:00]} 9. Be2
{[%clk 1:25:47]} O-O {[%clk 1:20:52]} 10. O-O {[%clk 1:26:00]} Bb6
{[%clk 1:09:33]} 11. e4 {[%clk 1:17:36]} Nbd7 {[%clk 1:07:25]} 12. Be3
{[%clk 1:14:51]} Bxe3 {[%clk 0:59:25]} 13. fxe3 {[%clk 1:14:59]} Ng4
{[%clk 0:59:06]} 14. Qd2 {[%clk 1:12:00]} Nc5 {[%clk 0:58:12]} 15. Bd1
{[%clk 1:11:51]} f5 {[%clk 0:53:44]} 16. exf5 {[%clk 1:11:00]} Bxf5
{[%clk 0:53:07]} 17. e4 {[%clk 1:10:54]} Bg6 {[%clk 0:48:12]} 18. Bc2
{[%clk 0:55:34]} Ne6 {[%clk 0:45:42]} 19. d4 {[%clk 0:50:05]} Nf4
{[%clk 0:36:19]} 20. Rae1 {[%clk 0:45:41]} Bh5 {[%clk 0:32:34]} 21. g3
{[%clk 0:37:30]} Nh3+ {[%clk 0:23:27]} 22. Kg2 {[%clk 0:37:16]} Ngf2
{[%clk 0:23:50]} 23. Ng1 {[%clk 0:22:39]} Nxg1 {[%clk 0:18:52]} 24. Kxg1
{[%clk 0:22:26]} Nh3+ {[%clk 0:16:44]} 25. Kg2 {[%clk 0:22:30]} Ng5
{[%clk 0:14:13]} 26. Bd1 {[%clk 0:20:09]} Bg6 {[%clk 0:14:16]} 27. d5
{[%clk 0:10:34]} Rxf1 {[%clk 0:13:41]} 28. Kxf1 {[%clk 0:10:48]} Rf8+
{[%clk 0:13:20]} 29. Kg2 {[%clk 0:10:37]} Qf6 {[%clk 0:07:55]} 30. Qe3
{[%clk 0:09:33]} h6 {[%clk 0:05:59]} 31. Be2 {[%clk 0:04:10]} Qe7
{[%clk 0:04:55]} 32. h4 {[%clk 0:03:20]} Nh7 {[%clk 0:05:13]} 33. Bg4
{[%clk 0:02:32]} Nf6 {[%clk 0:04:54]} 34. Be6+ {[%clk 0:02:31]} Bf7
{[%clk 0:03:52]} 35. Bf5 {[%clk 0:01:18]} Bh5 {[%clk 0:03:57]} 36. Rf1
{[%clk 0:00:58]} Kh8 {[%clk 0:02:58]} 37. Rf2 {[%clk 0:00:54]} Ng4
{[%clk 0:02:22]} 38. Bxg4 {[%clk 0:01:21]} Rxf2+ {[%clk 0:02:40]} 39. Qxf2
{[%clk 0:01:37]} Bxg4 {[%clk 0:03:06]} 40. Kh2 {[%clk 0:01:16]} Kh7
{[%clk 0:02:25]} 41. b4 {[%clk 0:40:21]} axb4 {[%clk 0:43:19]} 42. axb4
{[%clk 0:40:40]} Qd8 {[%clk 0:35:56]} 43. Kg2 {[%clk 0:33:59]} Qa8
{[%clk 0:34:25]} 44. dxc6 {[%clk 0:17:57]} bxc6 {[%clk 0:34:25]} 45. b5
{[%clk 0:17:46]} Qa3 {[%clk 0:22:13]} 46. Qc2 {[%clk 0:14:39]} cxb5
{[%clk 0:20:52]} 47. cxb5 {[%clk 0:12:18]} Qc5 {[%clk 0:20:52]} 48. Qd3
{[%clk 0:11:31]} Bd7 {[%clk 0:18:48]} 49. Qf3 {[%clk 0:08:40]} Be6
{[%clk 0:12:55]} 50. g4 {[%clk 0:06:44]} Qd4 {[%clk 0:10:10]} 51. Kh2
{[%clk 0:02:05]} Qd2+ {[%clk 0:09:58]} 52. Ne2 {[%clk 0:01:33]} Qb2
{[%clk 0:09:48]} 53. g5 {[%clk 0:01:06]} Qxb5 {[%clk 0:07:51]} 54. gxh6
{[%clk 0:01:14]} Kxh6 {[%clk 0:06:42]} 55. Ng3 {[%clk 0:00:54]} Qb2+
{[%clk 0:06:46]} 56. Kg1 {[%clk 0:00:44]} Qc1+ {[%clk 0:07:09]} 57. Kg2
{[%clk 0:00:51]} Qd2+ {[%clk 0:05:34]} 58. Kg1 {[%clk 0:01:08]} Qd4+
{[%clk 0:05:09]} 59. Kg2 {[%clk 0:00:51]} Qb2+ {[%clk 0:05:30]} 60. Kg1
{[%clk 0:00:57]} Qa1+ {[%clk 0:05:53]} 61. Kh2 {[%clk 0:01:01]} Qa2+
{[%clk 0:03:07]} 62. Kh1 {[%clk 0:01:02]} Qb1+ 1/2-1/2

[Event "Hastings Masters"]
[Site "Horntye, Hastings"]
[Date "2018.01.05"]
[Round "9"]
[Board "23"]
[White "COLEMAN, David J"]
[Black "STOYANOV, Viktor"]
[Result "1-0"]
[WhiteElo "2076"]
[BlackElo "1950"]
[PlyCount "0"]
[EventDate "2017.12.28"]
[EventRounds "9"]
[EventCountry "ENG"]

1. e4 {[%clk 1:40:56]} e5 {[%clk 1:40:51]} 2. Nf3 {[%clk 1:41:17]} Nc6
{[%clk 1:41:12]} 3. d4 {[%clk 1:41:39]} exd4 {[%clk 1:41:36]} 4. Bc4
{[%clk 1:42:01]} Nf6 {[%clk 1:41:58]} 5. e5 {[%clk 1:42:21]} Ne4 {[%clk 1:42:09]}
6. Qe2 {[%clk 1:42:29]} Nc5 {[%clk 1:42:19]} 7. c3 {[%clk 1:42:42]} Ne6
{[%clk 1:37:58]} 8. O-O {[%clk 1:35:44]} d5 {[%clk 1:33:38]} 9. exd6
{[%clk 1:20:47]} Bxd6 {[%clk 1:33:30]} 10. cxd4 {[%clk 1:09:55]} O-O
{[%clk 1:33:29]} 11. Be3 {[%clk 1:09:38]} Qf6 {[%clk 1:26:49]} 12. Qd2
{[%clk 0:59:34]} Nf4 {[%clk 1:20:18]} 13. Ne1 {[%clk 0:18:11]} Qf5
{[%clk 1:13:54]} 14. Bb3 {[%clk 0:14:17]} Nd5 {[%clk 1:04:25]} 15. Nf3
{[%clk 0:11:43]} Nce7 {[%clk 0:58:06]} 16. Nc3 {[%clk 0:11:42]} c6
{[%clk 0:57:07]} 17. Bc2 {[%clk 0:11:44]} Qh5 {[%clk 0:55:42]} 18. Bd1
{[%clk 0:10:26]} Nxe3 {[%clk 0:49:17]} 19. fxe3 {[%clk 0:10:10]} Qh6
{[%clk 0:48:24]} 20. Ne4 {[%clk 0:09:30]} Bc7 {[%clk 0:47:30]} 21. Neg5
{[%clk 0:09:08]} f6 {[%clk 0:44:56]} 22. Bb3+ {[%clk 0:09:26]} Nd5
{[%clk 0:45:20]} 23. e4 {[%clk 0:09:06]} fxg5 {[%clk 0:44:32]} 24. exd5
{[%clk 0:09:19]} Bf4 {[%clk 0:43:31]} 25. dxc6+ {[%clk 0:07:07]} Kh8
{[%clk 0:43:21]} 26. Qb4 {[%clk 0:06:31]} Bd6 {[%clk 0:43:00]} 27. Ne5
{[%clk 0:04:29]} Bf5 {[%clk 0:39:44]} 28. cxb7 {[%clk 0:04:03]} Rae8
{[%clk 0:38:31]} 29. b8=Q {[%clk 0:03:37]} Rxb8 {[%clk 0:38:21]} 30. Qd2
{[%clk 0:01:54]} Bxe5 {[%clk 0:33:44]} 31. dxe5 {[%clk 0:02:19]} Be6
{[%clk 0:32:23]} 32. Qd6 {[%clk 0:02:09]} Bxb3 {[%clk 0:28:02]} 33. Rxf8+
{[%clk 0:02:05]} Rxf8 {[%clk 0:28:27]} 34. Qxf8+ {[%clk 0:02:15]} Bg8
{[%clk 0:28:53]} 35. Rd1 {[%clk 0:02:03]} Qb6+ {[%clk 0:28:57]} 36. Kh1
{[%clk 0:02:14]} Qe3 {[%clk 0:28:25]} 37. Qd6 {[%clk 0:02:21]} h6
{[%clk 0:28:42]} 38. b3 {[%clk 0:02:27]} Qe2 {[%clk 0:28:53]} 39. a4
{[%clk 0:02:37]} Bxb3 {[%clk 0:28:54]} 40. Qb8+ {[%clk 0:02:05]} Bg8
{[%clk 0:29:19]} 41. Qd6 {[%clk 0:01:57]} Bb3 {[%clk 0:28:46]} 42. Qd8+
{[%clk 0:48:49]} Kh7 {[%clk 1:14:37]} 43. Qd3+ {[%clk 0:47:22]} Qxd3
{[%clk 1:15:03]} 44. Rxd3 {[%clk 0:47:45]} Bxa4 {[%clk 1:15:28]} 45. e6
{[%clk 0:46:15]} g4 {[%clk 0:57:06]} 46. Rd4 {[%clk 0:45:34]} Bc6
{[%clk 0:54:56]} 47. e7 {[%clk 0:45:00]} 1-0

[Event "Hastings Masters"]
[Site "Horntye, Hastings"]
[Date "2018.01.05"]
[Round "9"]
[Board "24"]
[White "HOWELL, Oliver W"]
[Black "TER STEEG, Marcus"]
[Result "0-1"]
[WhiteElo "1765"]
[BlackElo "2066"]
[PlyCount "0"]
[EventDate "2017.12.28"]
[EventRounds "9"]
[EventCountry "ENG"]

1. Nf3 {[%clk 1:40:56]} Nf6 {[%clk 1:32:11]} 2. c4 {[%clk 1:41:17]} d6
{[%clk 1:32:20]} 3. g3 {[%clk 1:41:35]} Nbd7 {[%clk 1:32:27]} 4. Bg2
{[%clk 1:41:06]} e5 {[%clk 1:32:46]} 5. d4 {[%clk 1:40:16]} Be7 {[%clk 1:32:58]}
6. O-O {[%clk 1:39:40]} O-O {[%clk 1:32:59]} 7. Nc3 {[%clk 1:39:49]} c6
{[%clk 1:33:18]} 8. a3 {[%clk 1:37:57]} Qc7 {[%clk 1:18:12]} 9. dxe5
{[%clk 1:36:02]} Nxe5 {[%clk 1:08:33]} 10. Nxe5 {[%clk 1:35:59]} dxe5
{[%clk 1:08:51]} 11. Qc2 {[%clk 1:27:46]} Be6 {[%clk 1:02:17]} 12. Ne4
{[%clk 1:21:58]} Nxe4 {[%clk 0:57:20]} 13. Bxe4 {[%clk 1:21:40]} f5
{[%clk 0:57:01]} 14. Bg2 {[%clk 1:21:54]} e4 {[%clk 0:53:51]} 15. Bf4
{[%clk 1:11:55]} Bd6 {[%clk 0:51:21]} 16. Bxd6 {[%clk 1:12:05]} Qxd6
{[%clk 0:51:50]} 17. c5 {[%clk 1:03:34]} Qd5 {[%clk 0:43:18]} 18. b4
{[%clk 1:00:37]} Qc4 {[%clk 0:32:05]} 19. Rfc1 {[%clk 0:53:48]} Qxc2
{[%clk 0:31:57]} 20. Rxc2 {[%clk 0:54:09]} Rfd8 {[%clk 0:29:45]} 21. Bf1
{[%clk 0:48:28]} Rd7 {[%clk 0:25:17]} 22. e3 {[%clk 0:40:06]} Rad8
{[%clk 0:20:45]} 23. Bc4 {[%clk 0:24:58]} Rd1+ {[%clk 0:18:40]} 24. Rxd1
{[%clk 0:24:38]} Rxd1+ {[%clk 0:19:08]} 25. Kg2 {[%clk 0:24:35]} Bxc4
{[%clk 0:16:53]} 26. Rxc4 {[%clk 0:24:53]} Kf7 {[%clk 0:16:15]} 27. g4
{[%clk 0:05:44]} g6 {[%clk 0:16:29]} 28. gxf5 {[%clk 0:04:40]} gxf5
{[%clk 0:16:57]} 29. Rd4 {[%clk 0:03:55]} Rxd4 {[%clk 0:12:00]} 30. exd4
{[%clk 0:04:15]} f4 {[%clk 0:11:57]} 31. a4 {[%clk 0:00:55]} Ke6 {[%clk 0:12:00]}
32. h4 {[%clk 0:00:37]} a6 {[%clk 0:09:44]} 33. Kh3 {[%clk 0:00:42]} h5
{[%clk 0:10:12]} 0-1

[Event "Hastings Masters"]
[Site "Horntye, Hastings"]
[Date "2018.01.05"]
[Round "9"]
[Board "25"]
[White "SNAPE, Ian L"]
[Black "FOWLER, David"]
[Result "1/2-1/2"]
[WhiteElo "2152"]
[BlackElo "1904"]
[PlyCount "0"]
[EventDate "2017.12.28"]
[EventRounds "9"]
[EventCountry "ENG"]

1. e4 {[%clk 1:40:58]} d5 {[%clk 1:40:36]} 2. exd5 {[%clk 1:41:20]} Qxd5
{[%clk 1:41:01]} 3. Nc3 {[%clk 1:41:40]} Qd6 {[%clk 1:41:26]} 4. d4
{[%clk 1:41:53]} Nf6 {[%clk 1:41:50]} 5. Nf3 {[%clk 1:42:05]} c6 {[%clk 1:42:07]}
6. Ne5 {[%clk 1:41:53]} Nbd7 {[%clk 1:42:28]} 7. Nc4 {[%clk 1:42:13]} Qc7
{[%clk 1:42:52]} 8. Qf3 {[%clk 1:42:36]} Nb6 {[%clk 1:43:16]} 9. Bf4
{[%clk 1:42:53]} Qd7 {[%clk 1:43:39]} 10. h3 {[%clk 1:43:19]} Qxd4
{[%clk 1:40:24]} 11. Rd1 {[%clk 1:43:29]} Qc5 {[%clk 1:40:36]} 12. Be3
{[%clk 1:43:43]} Qf5 {[%clk 1:39:46]} 13. Qg3 {[%clk 1:43:57]} Nbd5
{[%clk 1:33:18]} 14. Bd3 {[%clk 1:43:35]} Qh5 {[%clk 1:33:25]} 15. Nxd5
{[%clk 1:28:55]} Nxd5 {[%clk 1:31:07]} 16. Bxa7 {[%clk 1:22:53]} Bf5
{[%clk 1:24:26]} 17. O-O {[%clk 1:15:15]} Qg6 {[%clk 1:18:21]} 18. Qh2
{[%clk 1:06:57]} f6 {[%clk 1:05:54]} 19. Nb6 {[%clk 0:59:57]} Nxb6
{[%clk 1:04:31]} 20. Bxb6 {[%clk 1:00:17]} e5 {[%clk 1:00:54]} 21. a3
{[%clk 1:00:09]} Be7 {[%clk 1:00:22]} 22. Bxf5 {[%clk 1:00:21]} Qxf5
{[%clk 1:00:46]} 23. Qg3 {[%clk 1:00:32]} Kf7 {[%clk 0:56:38]} 24. Qc3
{[%clk 0:56:14]} Qe6 {[%clk 0:53:09]} 25. Bc5 {[%clk 0:53:45]} Rhd8
{[%clk 0:50:52]} 26. Bxe7 {[%clk 0:53:59]} Qxe7 {[%clk 0:51:13]} 27. Qb3+
{[%clk 0:53:04]} Kf8 {[%clk 0:49:38]} 28. c4 {[%clk 0:50:07]} Rd4
{[%clk 0:45:54]} 29. Qc2 {[%clk 0:46:21]} Rxd1 {[%clk 0:40:27]} 30. Rxd1
{[%clk 0:46:40]} Rd8 {[%clk 0:37:58]} 31. Rd3 {[%clk 0:45:59]} Rd4
{[%clk 0:36:01]} 32. b4 {[%clk 0:41:53]} Qd6 {[%clk 0:30:05]} 33. c5
{[%clk 0:41:15]} Qd5 {[%clk 0:29:49]} 34. Rxd4 {[%clk 0:41:16]} exd4
{[%clk 0:29:22]} 35. Qd3 {[%clk 0:41:02]} f5 {[%clk 0:27:53]} 36. f3
{[%clk 0:41:23]} Qe5 {[%clk 0:27:58]} 37. Kf2 {[%clk 0:41:26]} g6
{[%clk 0:26:45]} 38. a4 {[%clk 0:39:46]} Kg7 {[%clk 0:26:12]} 39. a5
{[%clk 0:36:42]} Kf6 {[%clk 0:25:10]} 40. Qe2 {[%clk 0:36:28]} Qd5
{[%clk 0:23:16]} 41. Qd3 {[%clk 0:34:53]} Qa2+ {[%clk 0:22:00]} 42. Qe2
{[%clk 0:31:36]} Qb3 {[%clk 0:20:00]} 43. f4 {[%clk 0:26:46]} Qxb4
{[%clk 0:13:21]} 44. Qe5+ {[%clk 0:27:08]} Kf7 {[%clk 0:13:47]} 45. Qc7+
{[%clk 0:27:31]} Ke6 {[%clk 0:12:29]} 46. Qd6+ {[%clk 0:27:32]} Kf7
{[%clk 0:12:53]} 47. Qc7+ {[%clk 0:27:56]} Kg8 {[%clk 0:12:47]} 48. Qd8+
{[%clk 0:28:15]} Kg7 {[%clk 0:13:08]} 49. Qe7+ {[%clk 0:28:40]} Kh6
{[%clk 0:13:33]} 50. Qh4+ {[%clk 0:28:03]} 1/2-1/2

[Event "Hastings Masters"]
[Site "Horntye, Hastings"]
[Date "2018.01.05"]
[Round "9"]
[Board "26"]
[White "RUANE, Brendan J"]
[Black "COOTE, Trevor D"]
[Result "0-1"]
[WhiteElo "1838"]
[BlackElo "2104"]
[PlyCount "0"]
[EventDate "2017.12.28"]
[EventRounds "9"]
[EventCountry "ENG"]

1. e4 {[%clk 1:40:58]} g6 {[%clk 1:27:49]} 2. d4 {[%clk 1:41:16]} Bg7
{[%clk 1:28:18]} 3. Nf3 {[%clk 1:41:25]} d6 {[%clk 1:28:47]} 4. h3
{[%clk 1:41:16]} Nf6 {[%clk 1:29:06]} 5. Nc3 {[%clk 1:41:34]} O-O
{[%clk 1:29:26]} 6. Be3 {[%clk 1:41:38]} a6 {[%clk 1:29:23]} 7. Be2
{[%clk 1:40:32]} b5 {[%clk 1:28:28]} 8. Nd2 {[%clk 1:40:38]} Bb7 {[%clk 1:28:43]}
9. Bf3 {[%clk 1:40:36]} Nbd7 {[%clk 1:27:00]} 10. a4 {[%clk 1:40:18]} b4
{[%clk 1:24:01]} 11. Na2 {[%clk 1:38:32]} c5 {[%clk 1:21:33]} 12. d5
{[%clk 1:38:58]} Ne8 {[%clk 1:13:47]} 13. c3 {[%clk 1:32:16]} a5 {[%clk 1:13:09]}
14. Rb1 {[%clk 1:30:35]} Ne5 {[%clk 1:11:32]} 15. Be2 {[%clk 1:30:54]} f5
{[%clk 1:10:48]} 16. f4 {[%clk 1:30:21]} Nd7 {[%clk 1:05:02]} 17. O-O
{[%clk 1:30:46]} Nef6 {[%clk 1:02:12]} 18. exf5 {[%clk 1:24:34]} Nxd5
{[%clk 0:54:33]} 19. Bc4 {[%clk 1:25:02]} gxf5 {[%clk 0:52:23]} 20. Qf3
{[%clk 1:12:27]} N7b6 {[%clk 0:48:27]} 21. Bb3 {[%clk 1:10:23]} Kh8
{[%clk 0:42:30]} 22. Bf2 {[%clk 1:09:08]} Qd7 {[%clk 0:40:16]} 23. Qg3
{[%clk 1:00:15]} Bh6 {[%clk 0:34:37]} 24. Qh4 {[%clk 0:58:18]} Bxf4
{[%clk 0:30:03]} 25. c4 {[%clk 0:54:00]} Bxd2 {[%clk 0:28:04]} 26. cxd5
{[%clk 0:53:50]} Rf6 {[%clk 0:20:26]} 27. Rbd1 {[%clk 0:51:17]} Bh6
{[%clk 0:20:28]} 28. Nc1 {[%clk 0:49:23]} Rg6 {[%clk 0:18:36]} 29. Rfe1
{[%clk 0:47:55]} Bg5 {[%clk 0:18:36]} 30. Qh5 {[%clk 0:47:57]} Rag8
{[%clk 0:14:59]} 31. Ne2 {[%clk 0:43:36]} e5 {[%clk 0:09:12]} 32. dxe6
{[%clk 0:43:25]} Qe7 {[%clk 0:09:41]} 33. Ng3 {[%clk 0:41:49]} Bh4
{[%clk 0:08:46]} 34. Bxc5 {[%clk 0:29:48]} dxc5 {[%clk 0:08:23]} 35. Bd5
{[%clk 0:28:33]} Nxd5 {[%clk 0:08:18]} 36. Nxf5 {[%clk 0:27:40]} Rxg2+
{[%clk 0:05:43]} 37. Kh1 {[%clk 0:27:59]} Qg5 {[%clk 0:05:36]} 38. Qxg5
{[%clk 0:27:41]} R2xg5 {[%clk 0:04:44]} 39. Nd6 {[%clk 0:27:37]} Bxe1
{[%clk 0:04:52]} 40. Rxe1 {[%clk 0:27:40]} Nf4+ {[%clk 0:03:36]} 41. Nxb7
{[%clk 0:27:53]} Rg3 {[%clk 0:04:02]} 0-1

[Event "Hastings Masters"]
[Site "Horntye, Hastings"]
[Date "2018.01.05"]
[Round "9"]
[Board "27"]
[White "RAYNER, Francis"]
[Black "LOCHTE, Szilvia"]
[Result "1/2-1/2"]
[WhiteElo "2071"]
[BlackElo "1850"]
[PlyCount "0"]
[EventDate "2017.12.28"]
[EventRounds "9"]
[EventCountry "ENG"]

1. e4 {[%clk 1:40:52]} c5 {[%clk 1:40:53]} 2. Nf3 {[%clk 1:40:56]} e6
{[%clk 1:41:15]} 3. d4 {[%clk 1:40:32]} cxd4 {[%clk 1:41:37]} 4. Nxd4
{[%clk 1:40:58]} a6 {[%clk 1:42:01]} 5. Nc3 {[%clk 1:40:17]} Qc7 {[%clk 1:41:30]}
6. Bd3 {[%clk 1:38:49]} Nf6 {[%clk 1:40:16]} 7. O-O {[%clk 1:25:58]} Bc5
{[%clk 1:35:29]} 8. Be3 {[%clk 1:22:20]} d6 {[%clk 1:30:45]} 9. Na4
{[%clk 1:15:28]} Ba7 {[%clk 1:28:00]} 10. c4 {[%clk 1:11:58]} Nc6
{[%clk 1:21:39]} 11. Nc2 {[%clk 1:10:45]} Ne5 {[%clk 1:13:53]} 12. Bxa7
{[%clk 1:10:02]} Rxa7 {[%clk 1:14:17]} 13. Ne3 {[%clk 1:09:01]} Bd7
{[%clk 1:08:13]} 14. Nc3 {[%clk 1:06:26]} O-O {[%clk 1:07:04]} 15. Rc1
{[%clk 1:04:03]} Rd8 {[%clk 0:57:51]} 16. Be2 {[%clk 1:02:44]} Bc6
{[%clk 0:57:16]} 17. Qd4 {[%clk 0:58:48]} Raa8 {[%clk 0:56:25]} 18. Ncd5
{[%clk 0:57:44]} Qa5 {[%clk 0:43:52]} 19. Nxf6+ {[%clk 0:46:56]} gxf6
{[%clk 0:44:15]} 20. f4 {[%clk 0:45:47]} Nd7 {[%clk 0:43:38]} 21. Rf3
{[%clk 0:39:19]} Qc5 {[%clk 0:43:46]} 22. Rg3+ {[%clk 0:38:55]} Kh8
{[%clk 0:41:10]} 23. Qd3 {[%clk 0:28:08]} Rg8 {[%clk 0:39:24]} 24. Kf2
{[%clk 0:25:52]} Rg7 {[%clk 0:34:06]} 25. Rd1 {[%clk 0:25:16]} Rag8
{[%clk 0:31:39]} 26. Bf3 {[%clk 0:24:49]} Qb6 {[%clk 0:30:41]} 27. b3
{[%clk 0:23:34]} Nc5 {[%clk 0:29:45]} 28. Qxd6 {[%clk 0:22:48]} Qa5
{[%clk 0:28:00]} 29. Rxg7 {[%clk 0:18:39]} Kxg7 {[%clk 0:28:07]} 30. Qd4
{[%clk 0:14:54]} Qxa2+ {[%clk 0:27:37]} 31. Rd2 {[%clk 0:15:08]} Nxb3
{[%clk 0:24:57]} 32. Qxf6+ {[%clk 0:14:30]} Kxf6 {[%clk 0:25:19]} 33. Rxa2
{[%clk 0:14:14]} Ke7 {[%clk 0:25:16]} 34. e5 {[%clk 0:13:02]} 1/2-1/2

[Event "Hastings Masters"]
[Site "Horntye, Hastings"]
[Date "2018.01.05"]
[Round "9"]
[Board "28"]
[White "AHLUWALIA, Amardip"]
[Black "METCALFE, Charlie P"]
[Result "1-0"]
[WhiteElo "2004"]
[BlackElo "1705"]
[PlyCount "0"]
[EventDate "2017.12.28"]
[EventRounds "9"]
[EventCountry "ENG"]

1. c4 {[%clk 1:40:58]} e5 {[%clk 1:40:58]} 2. g3 {[%clk 1:40:43]} Nf6
{[%clk 1:41:25]} 3. Bg2 {[%clk 1:40:50]} c6 {[%clk 1:41:50]} 4. Nf3
{[%clk 1:40:32]} e4 {[%clk 1:42:06]} 5. Nd4 {[%clk 1:40:21]} Qb6 {[%clk 1:41:09]}
6. Nb3 {[%clk 1:38:39]} d5 {[%clk 1:38:40]} 7. cxd5 {[%clk 1:36:13]} cxd5
{[%clk 1:38:44]} 8. O-O {[%clk 1:36:33]} a5 {[%clk 1:29:02]} 9. d3
{[%clk 1:34:20]} Bf5 {[%clk 1:17:06]} 10. Nc3 {[%clk 1:30:05]} Nc6
{[%clk 1:09:57]} 11. dxe4 {[%clk 1:25:46]} dxe4 {[%clk 1:02:58]} 12. Be3
{[%clk 1:21:46]} Qd8 {[%clk 1:01:08]} 13. Qxd8+ {[%clk 1:17:55]} Rxd8
{[%clk 1:00:40]} 14. Bb6 {[%clk 1:16:02]} Rd7 {[%clk 0:52:15]} 15. Nxa5
{[%clk 1:13:11]} Nxa5 {[%clk 0:49:35]} 16. Bxa5 {[%clk 1:13:25]} Bc5
{[%clk 0:49:14]} 17. Na4 {[%clk 1:09:36]} Bd4 {[%clk 0:48:08]} 18. Bc3
{[%clk 1:08:28]} Ba7 {[%clk 0:47:24]} 19. Bxf6 {[%clk 1:08:02]} gxf6
{[%clk 0:47:45]} 20. e3 {[%clk 1:04:26]} Bg6 {[%clk 0:46:45]} 21. Rfd1
{[%clk 1:03:28]} f5 {[%clk 0:46:42]} 22. Rxd7 {[%clk 1:02:52]} Kxd7
{[%clk 0:47:10]} 23. Rd1+ {[%clk 1:01:54]} Kc7 {[%clk 0:45:36]} 24. Nc3
{[%clk 1:01:32]} Rd8 {[%clk 0:44:29]} 25. Nb5+ {[%clk 1:01:56]} 1-0